000 00360nam a22001457a 4500
020 _a81-7826-361-0
082 _a823
_bSHA/G
245 _aTWO GENTLEMEN OF VERONA
_bSHORT STORY
246 _aTWO GENTLEMEN OF VERONA
_bSHORT STORY
250 _a2003
260 _aDELHI
_bROHAN BOOK COMPANY
_c2003
300 _a222
520 _aCHILDRENS SHORT STORY
942 _cBK
999 _c417
_d417